| 000 | 00527nam a2200169Ia 4500 | ||
|---|---|---|---|
| 008 | 090201s9999 xx 000 0 und d | ||
| 010 | _aKPL-57241 | ||
| 040 | _bमराठी | ||
| 041 | _aमराठी | ||
| 082 |
_a42477 _b57241 |
||
| 100 | _aसंत ज्ञानेश्वर | ||
| 245 |
_aअमृतानुभव _cसंत ज्ञानेश्वर |
||
| 260 |
_c2005 _bमौज प्रकाशन |
||
| 300 |
_a204 _bमोठा |
||
| 600 | _aअमृतानुभव | ||
| 942 | _cBOOK | ||
| 999 |
_c239578 _d239578 |
||